American politics in the media age / (Record no. 36451)
[ view plain ]
| 000 -LEADER | |
|---|---|
| fixed length control field | 00944nam a2200289 a 4500 |
| 001 - CONTROL NUMBER | |
| control field | 36451 |
| 003 - CONTROL NUMBER IDENTIFIER | |
| rucl marc code | BD-RjUL |
| 005 - DATE AND TIME OF LATEST TRANSACTION | |
| control field | 20211209052504.0 |
| 008 - FIXED-LENGTH DATA ELEMENTS--GENERAL INFORMATION | |
| fixed length control field | 140624s1986 caua b 001 0 eng d |
| 020 ## - INTERNATIONAL STANDARD BOOK NUMBER | |
| International Standard Book Number | 0534055982 (pbk.) : |
| 035 ## - SYSTEM CONTROL NUMBER | |
| System control number | (BD-RjUL)36551 |
| 040 ## - CATALOGING SOURCE | |
| Original cataloging agency | DLC |
| Transcribing agency | DLC |
| Modifying agency | DLC |
| -- | BD-RjUL |
| Language of cataloging | eng |
| 041 ## - LANGUAGE CODE | |
| Language code of text/sound track or separate title | eng |
| 082 00 - DEWEY DECIMAL CLASSIFICATION NUMBER | |
| Classification number | 320.973 |
| Edition number | 19 |
| Author mark and year | DYA 1985 |
| 100 1# - MAIN ENTRY--PERSONAL NAME | |
| Personal name | Dye, Thomas R. |
| 9 (RLIN) | 5146 |
| 245 10 - TITLE STATEMENT | |
| Title | American politics in the media age / |
| Statement of responsibility, etc. | Thomas R. Dye, Harmon Zeigler. |
| 250 ## - EDITION STATEMENT | |
| Edition statement | 2nd ed. |
| 260 ## - PUBLICATION, DISTRIBUTION, ETC. (IMPRINT) | |
| Place of publication, distribution, etc. | Monterey, Calif. : |
| Name of publisher, distributor, etc. | Brooks/Cole Pub. Co., |
| Date of publication, distribution, etc. | c1986. |
| 300 ## - PHYSICAL DESCRIPTION | |
| Pagination | xviii, 396 p. : |
| Illustrations | ill.; |
| Size | 24 cm. |
| 504 ## - BIBLIOGRAPHY, ETC. NOTE | |
| Bibliography, etc | Includes bibliographies and indexes. |
| 650 #0 - SUBJECT ADDED ENTRY--TOPICAL TERM | |
| Topical term or geographic name as entry element | Mass media |
| General subdivision | Political aspects |
| Geographic subdivision | United States. |
| 9 (RLIN) | 110977 |
| 651 #0 - SUBJECT ADDED ENTRY--GEOGRAPHIC NAME | |
| Geographic name | United States |
| General subdivision | Politics and government. |
| 9 (RLIN) | 110978 |
| 700 1# - ADDED ENTRY--PERSONAL NAME | |
| Personal name | Zeigler, L. Harmon |
| Fuller form of name | (Luther Harmon), |
| Dates associated with a name | 1936- |
| 942 ## - ADDED ENTRY ELEMENTS (KOHA) | |
| Source of classification or shelving scheme | Dewey Decimal Classification |
| Koha item type | Books |
| Lost status | Source of classification or shelving scheme | Damaged status | Not for loan | Collection code | Permanent Location | Current Location | Shelving location | Date acquired | Source of acquisition | Cost, normal purchase price | Total Checkouts | Full call number | Date last seen | Copy number | Koha item type |
|---|---|---|---|---|---|---|---|---|---|---|---|---|---|---|---|
| Dewey Decimal Classification | Not For Loan | Non-fiction | Central Library, University of Rajshahi | Central Library, University of Rajshahi | Reading Room | 05/09/1990 | Asia foundation | 0.00 | 320.973 DYA 1985 | 24/06/2014 | C-1 | Books |